| 000 | 00449nmm a22001697a 4500 | ||
|---|---|---|---|
| 005 | 20161122171750.0 | ||
| 008 | 150618b xxu||||| |||| 00| 0 spa d | ||
| 041 | _aspa | ||
| 082 | _aDE 115 | ||
| 100 |
_aLeitón Pérez, Marianela _933499 |
||
| 245 | _aContadores Públicos Asesores de Negocioes | ||
| 260 | _c2015 | ||
| 650 |
_aCOSTA RICA _933502 |
||
| 650 |
_aDIRECCIÓN DE EMPRESAS _917 |
||
| 650 |
_aDECLARACIONES JURADAS _933501 |
||
| 942 | _cIP | ||
| 999 |
_c8640 _d8640 |
||